00529nam a2200157Ia 4500003000400000008004100004040001600045082001800061100002800079245007500107700002600182300001100208490005800219650004500277650004900322GCL140319s9999 xx 000 0 ara d aGCL / cGCL04a808.83bا م1 aمؤنس الرزاز10aادم ذات ظهيرة وقصص اخرى / cمؤنس الرزاز1 aالياس فركوح a160 ص aالهيئة العامة للاستعلاماتv004aالادب العالمى المترجم04aالقصص العالمية المترجمة